000 00219nam a22000857a 4500
008 170203b xxu||||| |||| 00| 0 eng d
100 _92760
_aAggarwal.ML.etal.
245 _aQ.B.Mathematics-XII
260 _aNew Delhi
_bAPC
_c2010
999 _c5950
_d5950